Holiday Quiz

Random Holiday or Cartoons Quiz

Cartoon Christmas Gifs Quiz Stats

 Plays Quiz Updated Dec 12, 2015

Challenge
Share
Tweet
Score 0/16 Timer 06:00
31 Plays Today
% Correct
A Charlie Brown Christmas
98.3%
How the Grinch Stole Christmas
91.3%
What's New, Scooby-Doo?
88.2%
The Smurfs
87.3%
SpongeBob SquarePants
86.4%
Casper the Friendly Ghost
86%
Rugrats
85.4%
Popeye the Sailor Man
84.7%
% Correct
The Nightmare Before Christmas
83.2%
The Jetsons
82.8%
The Flintstones
82.7%
Yogi Bear
81.4%
Beavis and Butthead
79.7%
Doug
64.8%
The Powerpuff Girls
63.6%
The Adventures of Jimmy Neutron: Boy Genius
42%

You're not logged in!

Compare scores with friends on all Sporcle quizzes.
OR
Log In

You Might Also Like...

Show Comments

Extras

Top Quizzes Today


Score Distribution

Your Account Isn't Verified!

In order to create a playlist on Sporcle, you need to verify the email address you used during registration. Go to your Sporcle Settings to finish the process.

Report this User

Report this user for behavior that violates our Community Guidelines.

Details: